GIVING HOW EACH OF US CAN CHANGE THE WOR (Record no. 7703)

MARC details
000 -LEADER
fixed length control field 00351nam a2200133Ia 4500
008 - FIXED-LENGTH DATA ELEMENTS--GENERAL INFORMATION
fixed length control field 240624s9999 xx 000 0 und d
041 ## - LANGUAGE CODE
Language code of text/sound track or separate title eng
082 ## - DEWEY DECIMAL CLASSIFICATION NUMBER
Classification number 361.7 CLI
100 ## - MAIN ENTRY--PERSONAL NAME
Personal name CLINTON BILL
245 ## - TITLE STATEMENT
Title GIVING HOW EACH OF US CAN CHANGE THE WOR
260 ## - PUBLICATION, DISTRIBUTION, ETC.
Date of publication, distribution, etc. 2007
Place of publication, distribution, etc. New York
Name of publisher, distributor, etc. Alfred A. Knopf
300 ## - PHYSICAL DESCRIPTION
Extent xiii, : 240 : p. : cm. ; 24
365 ## - TRADE PRICE
Currency code
Price amount 20
Holdings
Withdrawn status Lost status Damaged status Not for loan Home library Current library Shelving location Date acquired Source of acquisition Cost, normal purchase price Total Checkouts Total Holds Full call number Barcode Date last seen Date last checked out Copy number Price effective from Koha item type
        IMTN IMTN Rack 15-A 12/11/2007 WBD 20.00 1 678 361.7 CLI 7703 07/12/2025 07/02/2025 42.5 06/24/2024 Books
Designed & Maintained by: LRC IMT Nagpur Contact: lrc@imtnag.ac.in© 2024. All Rights Reserved.